Discrete mathematics and its applications; (Record no. 7434)
[ view plain ]
| 000 -LEADER | |
|---|---|
| fixed length control field | 00965nam a2200205 4500 |
| 020 ## - INTERNATIONAL STANDARD BOOK NUMBER | |
| ISBN | 0071244743 |
| 020 ## - INTERNATIONAL STANDARD BOOK NUMBER | |
| ISBN | 9780071244749 |
| 050 ## - CALL NUMBER | |
| Classification number | QA39.3 |
| Item number | .R67 |
| 100 ## - AUTHOR | |
| Personal name | Rosen, Kenneth H. |
| 245 ## - TITLE | |
| Title | Discrete mathematics and its applications; |
| Statement of responsibility, etc | Kenneth H Rosen |
| 250 ## - EDITION | |
| Edition statement | 6th ed |
| 260 ## - PUBLICATION INFORMATION | |
| Place of publication | Boston : |
| Name of publisher | McGraw-Hill Higher Education, |
| Year of publication | ©2007. |
| 300 ## - DESCRIPTION | |
| Number of Pages | xxii, 843, A-15, B-7, S-90, C-1, I-18 pages : |
| Other physical details | illustrations ; |
| Dimensions | 27 cm |
| 500 ## - NOTES | |
| General note | Includes indexes |
| 505 ## - FORMATTED CONTENTS NOTE | |
| Table of Content | The foundations : logic and proofs --<br/>Basic structures : sets, functions, sequences, and sums --<br/>The fundamentals : algorithms, the integers, and matrices --<br/>Induction and recursion --<br/>Counting --<br/>Discrete probability --<br/>Advanced counting techniques --<br/>Relations --<br/>Graphs --<br/>Trees --<br/>Boolean algebra --<br/>Modeling computation. |
| 650 ## - SUBJECTS | |
| Topical Term | Mathematics. |
| 650 ## - SUBJECTS | |
| Topical Term | Computer science -- Mathematics. |
| 650 ## - SUBJECTS | |
| Topical Term | Logic, Symbolic and mathematical. |
| 942 ## - ADDED ENTRY ELEMENTS (KOHA) | |
| Koha item type | Books |
| Withdrawn status | Lost status | Home library | Current library | Shelving location | Date acquired | Full call number | Accession Number | Koha item type | Collection code |
|---|---|---|---|---|---|---|---|---|---|
| Methodist University Library Main | Methodist University Library Main | General Stacks | 28/10/2009 | QA39.3 .R67 | 24550 | Books | |||
| Methodist University Library Main | Methodist University Library Main | General Stacks | 28/10/2013 | QA39.3 .R67 | 38824 | Books | Reference | ||
| Methodist University Library Main | Methodist University Library Main | General Stacks | 28/09/2020 | QA39.3 .R67 | 24546 | Books | Reference | ||
| Methodist University Library Main | Methodist University Library Main | General Stacks | 28/09/2020 | QA39.3 .R67 | 24547 | Books | Reference |